000 00647nam a2200241Ia 4500
003 OSt
005 20221007071759.0
006 a|||||r|||| 00| 0
007 ta
008 221006b |||||||| |||| 00| 0 eng d
024 _a11
037 _cReference Collections
040 _aFLL
_cFLL
_beng
041 _2eng
_aeng
082 _a9x, F1.1
100 _aRosebery Lord
_9590847
245 0 _aMiscellanies
_b Literary & Historical
260 _aLondon
_bHodder and Stoughton London
_c1921
300 _a371
_ccm.
490 _vV1
942 _h9x, F1.1
_cREF
_2CC
999 _c1144313
_d1144313